000 00660nam a22002177a 4500
003 OSt
005 20251124112204.0
008 251124b |||||||| |||| 00| 0 eng d
020 _a 978113804397
040 _aDWCL-Main lib
_cOC
082 _aCirc. 658.300 E33 2019
100 _aMohan Thite
245 _aE-HRM:
_bdigital approaches, directions & application/
260 _aLondon and N.Y :
_bRoutledge,
_cc2019.
300 _axix, 292 pages :
_billustrations ;
_c25cm.
504 _aIncludes index.
650 _a1. HRM application
650 _a2. Information technique
650 _a3. Personnel management
942 _2ddc
_cBK-CIRC
_kCirc.
_n0
999 _c6068
_d6068